Zvyšovanie konkurencieschopnosti prostredníctvom inovácií bakalárska práca

Gespeichert in:
Bibliographische Detailangaben
1. Verfasser: Béres, Katalin
Körperschaft: Obchodná fakulta EU. Katedra tovaroznalectva a kvality tovaru
Weitere Verfasser: Knošková, Ľubica, 1965-
Format: Buch
Sprache:Slowakisch
Veröffentlicht: Bratislava 2010
Tags: Tag hinzufügen
Keine Tags, Fügen Sie das erste Tag hinzu!

MARC

LEADER 00000nam$a2200000$$$4500
001 0135189
005 20240320074653.5
041 0 |a slo 
044 |a SK 
245 1 0 |a Zvyšovanie konkurencieschopnosti prostredníctvom inovácií  |b bakalárska práca  |c Katalin Béres ; školiteľ: Ľubica Knošková 
264 1 |a Bratislava  |c 2010 
300 |a 50 s. 
100 1 |a Béres, Katalin 
700 1 |a Knošková, Ľubica, 1965- 
710 2 |a Obchodná fakulta EU. Katedra tovaroznalectva a kvality tovaru